De feminis (Запись № 12641755)

Подробности
000 -МАРКЕР
контрольное поле 03392nam0a2200373 4500
001 - ИДЕНТИФИКАТОР ЗАПИСИ
контрольное поле RU\NLR\BIBL_A\012920112
005 - ИДЕНТИФИКАТОР ВЕРСИИ
контрольное поле 20260608063101.0
010 ## - МЕЖДУНАРОДНЫЙ СТАНДАРТНЫЙ НОМЕР КНИГИ (ISBN)
Номер (ISBN) 978-5-17-149740-8
Тираж 7000
021 ## - НОМЕР ГОСУДАРСТВЕННОЙ РЕГИСТРАЦИИ
Код страны Российская Федерация
Номер КН-П-22-061700
Номер Листа государственной регистраци КН-П-22-5338
035 ## - ДРУГИЕ СИСТЕМНЫЕ НОМЕРА
Идентификатор записи (NLR Aleph) 012920112
035 ## - ДРУГИЕ СИСТЕМНЫЕ НОМЕРА
Идентификатор записи (RuMoRGB)011203942
100 ## - ДАННЫЕ ОБЩЕЙ ОБРАБОТКИ
Данные общей обработки 20221025d2022 m y0rusy50 ca
101 0# - ЯЗЫК РЕСУРСА
Язык текста, звукозаписи и т.д. русский
102 ## - СТРАНА ПУБЛИКАЦИИ ИЛИ ПРОИЗВОДСТВА
Страна публикации Российская Федерация
105 ## - ПОЛЕ КОДИРОВАННЫХ ДАННЫХ: ТЕКСТОВЫЕ МАТЕРИАЛЫ, МОНОГРАФИЧЕСКИЕ
Кодированные данные о монографическом текстовом документе y z 000fy
181 #0 - ПОЛЕ КОДИРОВАННЫХ ДАННЫХ: ВИД СОДЕРЖАНИЯ
Код вида содержания (ISBD) i
Код характеристики содержания (ISBD) axxe
182 #0 - ПОЛЕ КОДИРОВАННЫХ ДАННЫХ: ТИП СРЕДСТВА
Код типа средства (ISBD) n - непосредственное
200 1# - ЗАГЛАВИЕ И СВЕДЕНИЯ ОБ ОТВЕТСТВЕННОСТИ
Основное заглавие De feminis
Сведения, относящиеся к заглавию сборник короткой прозы
Первые сведения об ответственности Владимир Сорокин
203 ## - ВИД СОДЕРЖАНИЯ И ТИП СРЕДСТВА
Вид содержания Текст
Дополнительные сведения об издании визуальный
Тип средства непосредственный
210 ## - ПУБЛИКАЦИЯ, РАСПРОСТРАНЕНИЕ И ДР.
Место издания, распространения и т.д. Москва
Имя издателя, распространителя и т. д. АСТ
-- Corpus
Дата издания, распространения и т.д. 2022
215 ## - ФИЗИЧЕСКАЯ ХАРАКТЕРИСТИКА
Специфическое обозначение материала и объем 248, [1] с.
Размеры 21
300 ## - ОБЩИЕ ПРИМЕЧАНИЯ
Текст примечания Содержит нецензурную брань
327 1# - ПРИМЕЧАНИЯ О СОДЕРЖАНИИ
Текст примечания Содерж.: рассказы: Татарский малинник; Жук; Золотое XXX; Вакцина Моник; Гамбит вепря; Сугроб; Пространство призмы; Странная история; Две мамы
330 ## - РЕЗЮМЕ ИЛИ РЕФЕРАТ
Текст примечания Новые рассказы Владимира Сорокина - о женщинах: на войне и в жестоком мире, в обстоятельствах, враждебных женской природе. Надзирательница в концлагере, будущая звезда прогрессивного искусства, маленькая девочка в советской больнице, юная гениальная шахматистка, перестроечная студентка и другие героини сборника составляют галерею пронзительных, точных, очень разных портретов, объединённых одним: пережитое насилие необратимо меняет их, но не стирает, а только обостряет их индивидуальность. Сорокин остаётся собой - выстраивает карнавальные антиутопии, жонглирует цитатами из канонической русской литературы и овеществляет метафоры - и в то же время продолжает двигаться в новом направлении. Всё большее сочувствие к свидетелям и невольным участникам великих геополитических драм, повествовательность и лиризм, заданные "Метелью" и продолженные в "Докторе Гарине", в "De feminis" особенно заметны. Чуткий к духу времени и неизменно опережающий время в своих оценках, Владимир Сорокин внятно выступает против расчеловечивания антагонистов
333 ## - ПРИМЕЧАНИЯ ОБ ОСОБЕННОСТЯХ РАСПРОСТРАНЕНИЯ И ИСПОЛЬЗОВАНИЯ
Текст примечания 18+
675 ## - УНИВЕРСАЛЬНАЯ ДЕСЯТИЧНАЯ КЛАССИФИКАЦИЯ (UDC/УДК)
Индекс 821.161.1-32
Издание 4
686 2# - ИНДЕКСЫ ДРУГИХ КЛАССИФИКАЦИЙ
Индекс Ш6(2=Р)8-440.5
700 #1 - ИМЯ ЛИЦА - ПЕРВИЧНАЯ ОТВЕТСТВЕННОСТЬ
Материалы, к которым относится поле rus
Графика поля Кириллица
Начальный элемент ввода Сорокин
Часть имени, кроме начального элемента ввода В. Г.
Дополнения к именам, кроме дат писатель
Даты 1955-
Расширение инициалов личного имени Владимир Георгиевич
Идентификатор авторитетной/нормативной записи RU\NLR\AUTH\7711314
Системный номер авторитетной/нормативной записи 121065
942 ## - ДОПОЛНИТЕЛЬНЫЕ ЭЛЕМЕНТЫ ЗАПИСИ (АБИС)
Тип экземпляра АБИС Книга
980 ## - КОЛЛЕКЦИЯ
Название коллекции Национальная библиография
Экземпляры
Тип экземпляра Дата поступления Источник поступления Библиотека постоянного хранения Библиотека текущего хранения Место хранения Шифр хранения Штрих-код Статус экземпляра
Книга 25.10.2022 Обязательный экземпляр РНБ (Московский) РНБ (Московский) Русский книжный фонд: издания с 1957 года 2022-3/29467 1-4019521  
Книга 25.10.2022 Обязательный экземпляр РНБ (Московский) РНБ (Московский) Русский книжный фонд: издания с 1957 года 2022-3/29467 1-4019517